<?xml version="1.0" encoding="UTF-8"?><?xml-stylesheet type="text/xsl" href="static/style.xsl"?><OAI-PMH xmlns="http://www.openarchives.org/OAI/2.0/" xmlns:xsi="http://www.w3.org/2001/XMLSchema-instance" xsi:schemaLocation="http://www.openarchives.org/OAI/2.0/ http://www.openarchives.org/OAI/2.0/OAI-PMH.xsd"><responseDate>2026-05-11T22:52:01Z</responseDate><request verb="GetRecord" identifier="oai:riubu.ubu.es:10259/11421" metadataPrefix="marc">https://riubu.ubu.es/oai/request</request><GetRecord><record><header><identifier>oai:riubu.ubu.es:10259/11421</identifier><datestamp>2026-02-26T11:34:56Z</datestamp><setSpec>com_10259_3938</setSpec><setSpec>com_10259.4_2477</setSpec><setSpec>com_10259.4_106</setSpec><setSpec>com_10259_2604</setSpec><setSpec>col_10259_3939</setSpec></header><metadata><record xmlns="http://www.loc.gov/MARC21/slim" xmlns:doc="http://www.lyncode.com/xoai" xmlns:xsi="http://www.w3.org/2001/XMLSchema-instance" xmlns:dcterms="http://purl.org/dc/terms/" xsi:schemaLocation="http://www.loc.gov/MARC21/slim http://www.loc.gov/standards/marcxml/schema/MARC21slim.xsd">
<leader>00925njm 22002777a 4500</leader>
<datafield tag="042" ind1=" " ind2=" ">
<subfield code="a">dc</subfield>
</datafield>
<datafield tag="720" ind1=" " ind2=" ">
<subfield code="a">Montañez Sanabira, Elizabeth</subfield>
<subfield code="e">author</subfield>
</datafield>
<datafield tag="720" ind1=" " ind2=" ">
<subfield code="a">Pérez Miguel, Liliana</subfield>
<subfield code="e">author</subfield>
</datafield>
<datafield tag="260" ind1=" " ind2=" ">
<subfield code="c">2024-12</subfield>
</datafield>
<datafield tag="520" ind1=" " ind2=" ">
<subfield code="a">El presente articulo analiza la participación de las mujeres en la “defensa del reino”, tarea masculina por antonomasia. Se estudia el rol ejercido por cuatro mujeres, (Catalina de Erauso, Paula Piraldo, la condesa de Lemos Ana de Borja, y la reina regente Mariana de Austria), ante tres episodios de incursiones en el virreinato peruano protagonizadas por el corsario neerlandés Joris van Spilbergen y pirata galés Henry Morgan en el siglo XVII. Para ello recurriremos a documentos de archivos españoles, así como a estudios relativos a estos sucesos.</subfield>
</datafield>
<datafield tag="520" ind1=" " ind2=" ">
<subfield code="a">This article analyzes the participation of women in the “defense of the kingdom”, a male task par excellence. It studies the role played by four women (Catalina de Erauso, Paula Piraldo, the Countess of Lemos Ana de Borja, and the Queen Regent Mariana of Austria) in three episodes of  incursions  into  the  Peruvian  viceroyalty  by  the  Dutch  privateer  Joris  van  Spilbergen  and  the  Welsh pirate Henry Morgan in the seventeenth century. For this purpose, we examine documents from Spanish archives, as well as studies related to these events</subfield>
</datafield>
<datafield tag="024" ind2=" " ind1="8">
<subfield code="a">1132-8312</subfield>
</datafield>
<datafield tag="024" ind2=" " ind1="8">
<subfield code="a">https://hdl.handle.net/10259/11421</subfield>
</datafield>
<datafield tag="024" ind2=" " ind1="8">
<subfield code="a">10.5209/rcha.95772</subfield>
</datafield>
<datafield tag="024" ind2=" " ind1="8">
<subfield code="a">1988-270X</subfield>
</datafield>
<datafield ind1=" " ind2=" " tag="653">
<subfield code="a">Género</subfield>
</datafield>
<datafield ind1=" " ind2=" " tag="653">
<subfield code="a">Mujeres</subfield>
</datafield>
<datafield ind1=" " ind2=" " tag="653">
<subfield code="a">Virreinato del Perú</subfield>
</datafield>
<datafield ind1=" " ind2=" " tag="653">
<subfield code="a">Mar del Sur</subfield>
</datafield>
<datafield ind1=" " ind2=" " tag="653">
<subfield code="a">Piratas</subfield>
</datafield>
<datafield ind1=" " ind2=" " tag="653">
<subfield code="a">Gender</subfield>
</datafield>
<datafield ind1=" " ind2=" " tag="653">
<subfield code="a">Women</subfield>
</datafield>
<datafield ind1=" " ind2=" " tag="653">
<subfield code="a">Pirates</subfield>
</datafield>
<datafield ind1=" " ind2=" " tag="653">
<subfield code="a">Viceroyalty of Peru</subfield>
</datafield>
<datafield ind1=" " ind2=" " tag="653">
<subfield code="a">South Sea</subfield>
</datafield>
<datafield tag="245" ind1="0" ind2="0">
<subfield code="a">Mujeres contra los piratas. Género y defensa del virreinato del Perú, siglo XVII</subfield>
</datafield>
</record></metadata></record></GetRecord></OAI-PMH>